000 00653nam a2200205 i 4500
001 89114
003 ES-MaACL
005 20240607062954.0
007 t|
008 050201s2004 sp ||||1| spa d
020 _a84-672-0223-8 (Círculo de Lectores)
020 _a84-8109-499-4 (Galaxia Gutenberg)
080 _a821.134.2-4"19"
100 1 _aValente, José Ángel,
_d1929-2000
_9112590
245 1 3 _aLa experiencia abisal /
_cJosé Angel Valente.
260 _aBarcelona :
_bGalaxia Gutenberg :
_bCírculo de Lectores,
_c[2004]
300 _a234 p. ;
_c22 cm.
852 _aES-MaACL
_jL-28754
_bR.134639
999 _c89114
_d89114